[Event "Kort Paaske 1-2"]
[Site "Svendborg"]
[Date "2019.04.13"]
[Round "1"]
[White "Rasmussen, Henrik Egede"]
[Black "Hansen, Mikkel Strandby"]
[Result "1/2-1/2"]
[WhiteElo "1825"]
[BlackElo "1685"]
[PlyCount "74"]
[EventDate "2019.04.13"]
[EventRounds "5"]
[EventCountry "DEN"]

1. c4 e6 2. g3 d5 3. Bg2 Nf6 4. Nf3 Be7 5. O-O O-O 6. cxd5 exd5 7. d3 b6 8. b3
Bb7 9. Bb2 c5 10. Nbd2 Re8 11. Re1 Bd6 12. Rc1 Nc6 13. Nh4 Rb8 14. Bxf6 Qxf6
15. Bxd5 Nd4 16. Bxb7 Rxb7 17. Ne4 Qd8 18. Nxd6 Qxd6 19. e3 Nc6 20. Re2 Rd7 21.
Rd2 g6 22. Ng2 Red8 23. Ne1 Qf6 24. a3 a5 25. Kg2 h5 26. f4 Ne7 27. e4 Nc6 28.
Nf3 Nd4 29. Nxd4 Qxd4 30. Qe2 a4 31. Rc4 Qa1 32. Ra2 Qb1 33. Rb2 Qxd3 34. Rxa4
Qxe2+ 35. Rxe2 Rd3 36. b4 c4 37. Rc2 Rd2+ 1/2-1/2

[Event "Kort Paaske 1-2"]
[Site "Svendborg"]
[Date "2019.04.13"]
[Round "1"]
[White "Holm, Henrik"]
[Black "Vedso, Michael"]
[Result "1-0"]
[WhiteElo "1829"]
[BlackElo "1689"]
[PlyCount "75"]
[EventDate "2019.04.13"]
[EventRounds "5"]
[EventCountry "DEN"]

1. e4 c6 2. d4 d5 3. Nc3 dxe4 4. Nxe4 Nf6 5. Ng3 e6 6. Nf3 c5 7. Bb5+ Bd7 8.
Bxd7+ Qxd7 9. O-O Nc6 10. Be3 cxd4 11. Bxd4 Nxd4 12. Nxd4 Be7 13. c3 O-O 14.
Qf3 Rac8 15. Rad1 Qd5 16. Qe2 a6 17. a3 Qc4 18. Qc2 Nd5 19. Ne4 Rfd8 20. Rfe1
Bf6 21. Nxf6+ Nxf6 22. Nf3 b5 23. h3 h6 24. Re2 Qc7 25. Red2 Kf8 26. Rd4 Rxd4
27. Rxd4 Rd8 28. Qd3 Ke7 29. g3 Rxd4 30. Qxd4 Qd6 31. Qa7+ Nd7 32. Nd4 g6 33.
Qa8 e5 34. Nc6+ Ke6 35. Qxa6 Qd1+ 36. Kg2 Qd5+ 37. Kh2 Kf5 38. Ne7+ 1-0

[Event "Kort Paaske 1-2"]
[Site "Svendborg"]
[Date "2019.04.13"]
[Round "1"]
[White "Norgaard, Poul"]
[Black "Hansen, Anders"]
[Result "0-1"]
[WhiteElo "1740"]
[BlackElo "1567"]
[PlyCount "70"]
[EventDate "2019.04.13"]
[EventRounds "5"]
[EventCountry "DEN"]

1. e4 c5 2. a3 e6 3. b4 Qf6 4. Nc3 cxb4 5. axb4 Bxb4 6. Ra3 Nc6 7. Nb5 Qe5 8.
Re3 a6 9. Nf3 Qb8 10. Na3 Nf6 11. c3 Bd6 12. d4 Bf4 13. Re2 b5 14. g3 Bxc1 15.
Qxc1 Bb7 16. Bg2 d6 17. O-O O-O 18. Nd2 b4 19. Nc2 bxc3 20. Nb1 a5 21. Nxc3 Ba6
22. Rfe1 Bxe2 23. Rxe2 Ra6 24. Ne3 Nxd4 25. Rb2 Rb6 26. Rxb6 Qxb6 27. Qd1 Rb8
28. Nc4 Qc5 29. Qd3 e5 30. Na4 Qb4 31. Ncb2 h6 32. Qd1 Qb3 33. Qe1 Rb4 34. Qe3
Qc2 35. Qa3 Ng4 0-1

[Event "Kort Paaske 1-2"]
[Site "Svendborg"]
[Date "2019.04.13"]
[Round "1"]
[White "Nielsen, Jorgen Holmstrom"]
[Black "Iskos, Lukas"]
[Result "1/2-1/2"]
[WhiteElo "1722"]
[BlackElo "1628"]
[PlyCount "122"]
[EventDate "2019.04.13"]
[EventRounds "5"]
[EventCountry "DEN"]

1. Nc3 e5 2. Nf3 Nc6 3. d4 exd4 4. Nxd4 Bc5 5. Nb3 Bb6 6. Bf4 Nf6 7. e3 d5 8.
Bb5 O-O 9. Bxc6 bxc6 10. O-O c5 11. Bg5 Bb7 12. Qf3 Re8 13. Bxf6 Qxf6 14. Qxf6
gxf6 15. Na4 Rad8 16. Naxc5 Bc6 17. c3 Bxc5 18. Nxc5 Rb8 19. Rab1 Rb6 20. Rfd1
Reb8 21. b4 a5 22. a3 axb4 23. cxb4 Ra8 24. Ra1 Kf8 25. h3 Ke7 26. Nd3 Ba4 27.
Rdc1 Kd6 28. f3 Bb5 29. Nc5 Bc4 30. e4 c6 31. Kf2 Ra7 32. exd5 cxd5 33. Ne4+
dxe4 34. Rxc4 exf3 35. Kxf3 Kd5 36. Rc5+ Ke6 37. Re1+ Kd6 38. Rd1+ Ke6 39. Rd3
Rba6 40. Rcc3 Ke5 41. g4 h6 42. b5 Ra5 43. Rb3 Rb7 44. Rb4 f5 45. a4 fxg4+ 46.
hxg4 f5 47. Re3+ Kf6 48. Rf4 Rba7 49. Rxf5+ Kg7 50. b6 Rxf5+ 51. gxf5 Rxa4 52.
Rb3 Ra8 53. b7 Rb8 54. Ke4 h5 55. Kd5 Kf6 56. Kc6 Kxf5 57. Kc7 Rxb7+ 58. Kxb7
Kg4 59. Kc6 h4 60. Kd5 h3 61. Rxh3 Kxh3 1/2-1/2

[Event "Kort Paaske 1-2"]
[Site "Svendborg"]
[Date "2019.04.13"]
[Round "1"]
[White "Hoyerup, Silas"]
[Black "Falkesgaard, Jeppe Hald"]
[Result "1/2-1/2"]
[WhiteElo "1750"]
[BlackElo "1834"]
[PlyCount "73"]
[EventDate "2019.04.13"]
[EventRounds "5"]
[EventCountry "DEN"]

1. d4 Nf6 2. c4 g6 3. Nc3 Bg7 4. Nf3 O-O 5. g3 d6 6. Bg2 c5 7. d5 b6 8. O-O
Nbd7 9. Qc2 Ng4 10. h3 Nge5 11. b3 Nxf3+ 12. exf3 Ne5 13. f4 Bf5 14. Qd2 Nd3
15. g4 Nxf4 16. gxf5 Bxc3 17. Qxf4 Bxa1 18. Qg3 Be5 19. Qg4 Bg7 20. Bg5 h6 21.
Bd2 Qd7 22. Be4 Kh8 23. Kh1 Rae8 24. f6 Qxg4 25. fxg7+ Kxg7 26. hxg4 e6 27. Kg2
f5 28. Bc3+ e5 29. gxf5 gxf5 30. Bf3 Kh7 31. Rh1 e4 32. Bh5 Re7 33. Bd2 f4 34.
Rh3 Rg7+ 35. Kf1 Rg5 36. Bc3 Rfg8 37. Rh1 1/2-1/2

[Event "Kort Paaske 1-2"]
[Site "Svendborg"]
[Date "2019.04.13"]
[Round "1"]
[White "Velarde, Andrew"]
[Black "Thorup, Bo Beier"]
[Result "0-1"]
[WhiteElo "1713"]
[BlackElo "1688"]
[PlyCount "66"]
[EventDate "2019.04.13"]
[EventRounds "5"]
[EventCountry "DEN"]

1. e3 g6 2. Nf3 Bg7 3. d4 d5 4. c4 Nf6 5. Nc3 O-O 6. Be2 c5 7. Qb3 dxc4 8. Qxc4
cxd4 9. Nxd4 Nbd7 10. O-O a6 11. Rd1 b5 12. Qb3 Bb7 13. Bf3 Bxf3 14. Nxf3 Qc7
15. Nd5 Nxd5 16. Rxd5 Nb6 17. Rd3 Nc4 18. Rb1 Rfd8 19. Nd4 Qd7 20. f4 e5 21.
fxe5 Nxe5 22. Rd1 Ng4 23. h3 Ne5 24. Bd2 Nc4 25. Nf3 Qa7 26. Kf2 Bh6 27. g4
Rxd2+ 28. Nxd2 Bxe3+ 29. Ke2 Bxd2 30. Rxd2 Re8+ 31. Kd1 Nxd2 32. Qd3 Nxb1 33.
Qxb1 Qg1+ 0-1

[Event "Kort Paaske 1-2"]
[Site "Svendborg"]
[Date "2019.04.13"]
[Round "1"]
[White "Ankjaer, Allan"]
[Black "Nielsen Refs, Ingrid Elmer"]
[Result "1-0"]
[WhiteElo "1690"]
[BlackElo "1443"]
[PlyCount "33"]
[EventDate "2019.04.13"]
[EventRounds "5"]
[EventCountry "DEN"]

1. e4 c5 2. c3 d5 3. exd5 Qxd5 4. d4 cxd4 5. cxd4 Nc6 6. Nf3 Bf5 7. Nc3 Qa5 8.
Bb5 Bd7 9. O-O a6 10. Bxc6 Bxc6 11. Ne5 Bd5 12. b4 Qxb4 13. Nxd5 Qd6 14. Qb3 e6
15. Nb6 Rd8 16. Qa4+ Ke7 17. Ba3 1-0

[Event "Kort Paaske 1-2"]
[Site "Svendborg"]
[Date "2019.04.13"]
[Round "1"]
[White "Aggerbeck Lauritzen, Nikolaj"]
[Black "Hansen, Jorgen Frank"]
[Result "1/2-1/2"]
[WhiteElo "1434"]
[BlackElo "1757"]
[PlyCount "36"]
[EventDate "2019.04.13"]
[EventRounds "5"]
[EventCountry "DEN"]

1. e4 c5 2. Nf3 d6 3. d4 cxd4 4. Nxd4 Nf6 5. Nc3 Nc6 6. Nxc6 bxc6 7. h3 Bb7 8.
Be2 g6 9. Be3 Bg7 10. Qd2 Qa5 11. Bh6 O-O 12. Bxg7 Kxg7 13. O-O Rad8 14. Rad1
e5 15. Qe3 Qb6 16. Qxb6 axb6 17. Rd2 b5 18. a3 Ne8 1/2-1/2

[Event "Kort Paaske 1-2"]
[Site "Svendborg"]
[Date "2019.04.13"]
[Round "1"]
[White "Madsen, Michael Leerberg"]
[Black "Nielsen Refs, Karl Emil Elmer"]
[Result "1-0"]
[WhiteElo "1708"]
[BlackElo "1541"]
[PlyCount "65"]
[EventDate "2019.04.13"]
[EventRounds "5"]
[EventCountry "DEN"]

1. e4 c5 2. Nf3 d6 3. d4 cxd4 4. Nxd4 Nf6 5. Nc3 g6 6. f3 Bg7 7. Be3 O-O 8. Qd2
Nc6 9. O-O-O Bd7 10. Bc4 Rc8 11. Bb3 a6 12. Kb1 b5 13. Nxc6 Bxc6 14. Bh6 a5 15.
Bxg7 Kxg7 16. g4 a4 17. Bd5 Bd7 18. h4 e6 19. g5 Nh5 20. Bb7 Rb8 21. Ba6 Rb6
22. Bxb5 Bxb5 23. Nxb5 Rxb5 24. Qxd6 Qb8 25. Qxb8 Rfxb8 26. b3 Ng3 27. Rh2 f5
28. Rd7+ Kg8 29. Rg2 Nf1 30. Rf2 Ne3 31. Rfd2 Nc4 32. Rd8+ Kf7 33. R2d7# 1-0

[Event "Kort Paaske 1-2"]
[Site "Svendborg"]
[Date "2019.04.14"]
[Round "2"]
[White "Falkesgaard, Jeppe Hald"]
[Black "Madsen, Michael Leerberg"]
[Result "1-0"]
[WhiteElo "1834"]
[BlackElo "1708"]
[PlyCount "115"]
[EventDate "2019.04.13"]
[EventRounds "5"]
[EventCountry "DEN"]

1. d4 Nf6 2. c4 e6 3. Nf3 d5 4. Nc3 Bb4 5. Bg5 O-O 6. e3 b6 7. cxd5 exd5 8. Bd3
c5 9. O-O Bxc3 10. bxc3 c4 11. Bc2 Bb7 12. Ne5 h6 13. Bh4 Qd6 14. Qf3 Ne4 15.
Bxe4 dxe4 16. Qg4 Bd5 17. Bg3 Qe6 18. Qxe6 Bxe6 19. f3 exf3 20. gxf3 Nd7 21.
Nxd7 Bxd7 22. e4 Rfe8 23. d5 Rac8 24. Rad1 Rc5 25. Rd4 Ra5 26. Rf2 b5 27. f4
Ra3 28. Rc2 g6 29. Kf2 Kg7 30. Kf3 h5 31. Be1 Ra6 32. Rg2 Rb6 33. Bd2 Kh7 34.
Bc1 Ra6 35. Kg3 Rd8 36. Kh4 Bg4 37. h3 Bc8 38. Rh2 Re8 39. Kg5 Kg7 40. d6 Rd8
41. e5 Be6 42. h4 Rd7 43. Rd1 Rb6 44. Be3 Rbb7 45. a3 Kf8 46. Kf6 Ke8 47. Rf2
Bf5 48. Rd5 Be6 49. Rc5 Kd8 50. Rb2 a6 51. Rc6 a5 52. Bb6+ Rxb6 53. Rxb6 Ra7
54. R2xb5 Kc8 55. Rb8+ Kd7 56. R5b7+ Rxb7 57. Rxb7+ Ke8 58. Re7+ 1-0

[Event "Kort Paaske 1-2"]
[Site "Svendborg"]
[Date "2019.04.14"]
[Round "2"]
[White "Thorup, Bo Beier"]
[Black "Ankjaer, Allan"]
[Result "0-1"]
[WhiteElo "1688"]
[BlackElo "1690"]
[PlyCount "22"]
[EventDate "2019.04.13"]
[EventRounds "5"]
[EventCountry "DEN"]

1. e4 e5 2. Nf3 Nc6 3. d4 exd4 4. Nxd4 Bc5 5. Nxc6 Qf6 6. Qf3 dxc6 7. Nc3 Be6
8. Qg3 O-O-O 9. Bg5 Bxf2+ 10. Qxf2 Qxg5 11. Qxa7 Qd2# 0-1

[Event "Kort Paaske 1-2"]
[Site "Svendborg"]
[Date "2019.04.14"]
[Round "2"]
[White "Nielsen Refs, Ingrid Elmer"]
[Black "Aggerbeck Lauritzen, Nikolaj"]
[Result "1-0"]
[WhiteElo "1443"]
[BlackElo "1434"]
[PlyCount "117"]
[EventDate "2019.04.13"]
[EventRounds "5"]
[EventCountry "DEN"]

1. d4 Nf6 2. c4 e6 3. Nc3 Bb4 4. Bg5 h6 5. Bh4 Bxc3+ 6. bxc3 b6 7. e3 Ba6 8.
Nf3 d5 9. Qb3 dxc4 10. Bxc4 Bb7 11. Qd1 O-O 12. O-O Nbd7 13. Qe2 Qc8 14. Nd2 a6
15. Rac1 b5 16. Bb3 Bd5 17. c4 bxc4 18. Bxc4 Bxc4 19. Qxc4 Ra7 20. Bg3 Qb7 21.
Qxc7 Qxc7 22. Rxc7 Rxc7 23. Bxc7 Rc8 24. Ba5 Rc2 25. a3 Ra2 26. Bb4 Nd5 27. Ne4
Nxb4 28. axb4 Rb2 29. Nc5 Nxc5 30. bxc5 Kf8 31. Ra1 Rb8 32. Kf1 Ra8 33. Ra5 Ke7
34. Ke2 Kd7 35. e4 Kc6 36. Kd3 f6 37. Kc4 Kb7 38. d5 Re8 39. d6 Rd8 40. f4 Ra8
41. f5 exf5 42. exf5 Kc6 43. Ra2 a5 44. Rb2 Ra6 45. Rd2 Ra8 46. d7 Rd8 47. Rd6+
Kc7 48. Kb5 Rb8+ 49. Kxa5 Kd8 50. Rb6 Ra8+ 51. Ra6 Rb8 52. c6 Kc7 53. Rb6 Ra8+
54. Kb5 Kd6 55. Rb7 Ke7 56. c7 Kxd7 57. Rb8 Kxc7 58. Rxa8 Kd6 59. Re8 1-0

[Event "Kort Paaske 1-2"]
[Site "Svendborg"]
[Date "2019.04.14"]
[Round "2"]
[White "Hansen, Jorgen Frank"]
[Black "Hoyerup, Silas"]
[Result "0-1"]
[WhiteElo "1757"]
[BlackElo "1750"]
[PlyCount "90"]
[EventDate "2019.04.13"]
[EventRounds "5"]
[EventCountry "DEN"]

1. e4 e5 2. Bc4 Nc6 3. Nf3 d6 4. h3 Be6 5. Bb3 Nf6 6. Nc3 h6 7. d3 Be7 8. Be3
a6 9. Nd5 Na5 10. Nxf6+ Bxf6 11. Bxe6 fxe6 12. Qd2 c5 13. c4 O-O 14. Rb1 Nc6
15. O-O b5 16. b3 b4 17. g4 Nd4 18. Bxd4 exd4 19. Qe2 e5 20. Kh2 Bg5 21. Nxg5
Qxg5 22. Rg1 Qf4+ 23. Kg2 Rf7 24. Rbf1 a5 25. Qd1 a4 26. Qe2 axb3 27. axb3 Rfa7
28. Rb1 Ra3 29. Rgd1 Ra2 30. Rb2 R2a7 31. Rdd2 Rf7 32. Ra2 Raf8 33. Qd1 Kh7 34.
Qe2 Rf6 35. Qd1 R8f7 36. Qe2 g6 37. Rd1 h5 38. Rf1 Qf3+ 39. Qxf3 Rxf3 40. Rd2
hxg4 41. hxg4 Kh6 42. Rg1 Kg5 43. Kf1 R7f4 44. Ra2 Rxd3 45. Rb2 Rd1+ 0-1

[Event "Kort Paaske 1-2"]
[Site "Svendborg"]
[Date "2019.04.14"]
[Round "2"]
[White "Nielsen Refs, Karl Emil Elmer"]
[Black "Velarde, Andrew"]
[Result "1-0"]
[WhiteElo "1541"]
[BlackElo "1713"]
[PlyCount "131"]
[EventDate "2019.04.13"]
[EventRounds "5"]
[EventCountry "DEN"]

1. c4 Nf6 2. g3 c6 3. Bg2 d5 4. cxd5 cxd5 5. d4 e6 6. Nc3 Nc6 7. e4 dxe4 8.
Nge2 Bb4 9. O-O O-O 10. Nxe4 Nd5 11. Bg5 f6 12. Be3 Nce7 13. a3 Ba5 14. b4 Bc7
15. Qd3 Rb8 16. N2c3 f5 17. Nxd5 Nxd5 18. Nc3 a6 19. Nxd5 exd5 20. Rac1 Be6 21.
Rfe1 Rc8 22. Bd2 Qd7 23. Qb3 Kh8 24. Qe3 Rce8 25. Qg5 f4 26. gxf4 Rf5 27. Rxc7
Rxg5 28. Rxd7 Rxg2+ 29. Kxg2 Bxd7 30. Re5 h6 31. Kg3 Bc6 32. Kg4 Rf8 33. f5 Kh7
34. Bf4 Rf7 35. Bg3 Rd7 36. Bh4 Rf7 37. Re7 Rxe7 38. Bxe7 Bd7 39. Kf4 Kg8 40.
f6 gxf6 41. Bxf6 Kf7 42. Ke5 b5 43. Bd8 Ke8 44. Bh4 Bg4 45. Kxd5 Kd7 46. Bg3
Bf3+ 47. Kc5 Kc8 48. Kb6 Bb7 49. f4 Bd5 50. Kxa6 Bc4 51. Kb6 Kd7 52. Kc5 Ke6
53. d5+ Bxd5 54. Kxb5 Kd7 55. Kc5 Bb3 56. b5 Kc7 57. b6+ Kb7 58. f5 h5 59. f6
Bf7 60. a4 Bg6 61. a5 Bf7 62. Kb5 Be8+ 63. Kc5 Ka6 64. Kd6 Bg6 65. Kc7 Be4 66.
f7 1-0

[Event "Kort Paaske 1-2"]
[Site "Svendborg"]
[Date "2019.04.14"]
[Round "2"]
[White "Hansen, Mikkel Strandby"]
[Black "Nielsen, Jorgen Holmstrom"]
[Result "1-0"]
[WhiteElo "1685"]
[BlackElo "1722"]
[PlyCount "91"]
[EventDate "2019.04.13"]
[EventRounds "5"]
[EventCountry "DEN"]

1. d4 Nf6 2. Nf3 e6 3. Bf4 c5 4. c3 d5 5. e3 Be7 6. Be2 Nc6 7. Nbd2 a6 8. h3
Bd6 9. Bxd6 Qxd6 10. O-O cxd4 11. exd4 O-O 12. Re1 Re8 13. a3 Bd7 14. Nb3 b6
15. Nbd2 h6 16. Rc1 Nh5 17. g3 Nxg3 18. fxg3 Qxg3+ 19. Kh1 Qxh3+ 20. Nh2 e5 21.
dxe5 Nxe5 22. Ndf3 Bc6 23. Qd4 Ng6 24. Qxb6 Qd7 25. Qd4 Re4 26. Qd2 d4 27. cxd4
Rxd4 28. Qc3 Rc8 29. Bxa6 Rc7 30. Kg1 Rg4+ 31. Nxg4 Qxg4+ 32. Kf2 Nf4 33. Bf1
Nh3+ 34. Bxh3 Qxh3 35. Rg1 g6 36. Rg3 Qf5 37. Rd1 Rc8 38. Qe5 Qc2+ 39. Rd2 Qa4
40. Qf6 Qa5 41. b4 Qa7+ 42. Kf1 Qb6 43. Qd4 Qc7 44. Kf2 Re8 45. Nh4 Re2+ 46.
Rxe2 1-0

[Event "Kort Paaske 1-2"]
[Site "Svendborg"]
[Date "2019.04.14"]
[Round "2"]
[White "Vedso, Michael"]
[Black "Norgaard, Poul"]
[Result "1-0"]
[WhiteElo "1689"]
[BlackElo "1740"]
[PlyCount "63"]
[EventDate "2019.04.13"]
[EventRounds "5"]
[EventCountry "DEN"]

1. e4 Nc6 2. d4 d5 3. e5 f6 4. f4 Nh6 5. Nf3 Bg4 6. Bb5 a6 7. Bxc6+ bxc6 8. h3
Bf5 9. g4 Be4 10. Nbd2 f5 11. Nxe4 fxe4 12. Ng5 Nf7 13. Ne6 Qc8 14. f5 Nd8 15.
Nc5 e6 16. Nxe6 Nxe6 17. fxe6 Qxe6 18. O-O Be7 19. Qe2 h5 20. Kg2 hxg4 21. Qxg4
Qxg4+ 22. hxg4 Rh4 23. Kg3 Rh8 24. Bd2 Bh4+ 25. Kg2 Ke7 26. Rh1 g5 27. Raf1
Rhf8 28. Rf5 Rg8 29. Rhf1 Rg7 30. Bb4+ Kd7 31. Rf7+ Rxf7 32. Rxf7+ 1-0

[Event "Kort Paaske 1-2"]
[Site "Svendborg"]
[Date "2019.04.14"]
[Round "2"]
[White "Hansen, Anders"]
[Black "Holm, Henrik"]
[Result "1/2-1/2"]
[WhiteElo "1567"]
[BlackElo "1829"]
[PlyCount "72"]
[EventDate "2019.04.13"]
[EventRounds "5"]
[EventCountry "DEN"]

1. b3 Nf6 2. Bb2 d6 3. d4 c6 4. Nf3 Bg4 5. Nbd2 Nbd7 6. e3 Qc7 7. Be2 h6 8. O-O
e5 9. e4 Be7 10. h3 Bh5 11. Re1 O-O-O 12. Nh2 Bxe2 13. Qxe2 g5 14. Nc4 h5 15.
dxe5 Nxe5 16. Nxe5 dxe5 17. Nf3 Nd7 18. Qe3 g4 19. Ng5 Bxg5 20. Qxg5 gxh3 21.
Qf5 f6 22. Qxh3 Rdg8 23. Rad1 Rh7 24. Re3 b6 25. Red3 Rgg7 26. Ba3 c5 27. b4
Kb7 28. bxc5 Nxc5 29. Bxc5 Qxc5 30. Rc3 Qf8 31. Qe6 Rc7 32. Rxc7+ Rxc7 33. Rd7
Rxd7 34. Qxd7+ Ka6 35. Qa4+ Kb7 36. Qd7+ Ka6 1/2-1/2

[Event "Kort Paaske 1-2"]
[Site "Svendborg"]
[Date "2019.04.14"]
[Round "2"]
[White "Iskos, Lukas"]
[Black "Rasmussen, Henrik Egede"]
[Result "1/2-1/2"]
[WhiteElo "1628"]
[BlackElo "1825"]
[PlyCount "72"]
[EventDate "2019.04.13"]
[EventRounds "5"]
[EventCountry "DEN"]

1. e4 Nf6 2. e5 Nd5 3. d4 d6 4. c4 Nb6 5. Nf3 Bg4 6. Nbd2 dxe5 7. dxe5 Nc6 8.
c5 Nd7 9. Qa4 Bxf3 10. Nxf3 e6 11. b4 a5 12. b5 Nxc5 13. Qc4 Nb4 14. Bg5 Qd5
15. Rd1 Qe4+ 16. Qxe4 Nxe4 17. Bc4 Nxg5 18. Nxg5 Be7 19. Ne4 Rd8 20. Rxd8+ Kxd8
21. Ke2 Kc8 22. Rd1 Rd8 23. Rxd8+ Kxd8 24. Nc3 c6 25. a4 Nd5 26. Nxd5 cxd5 27.
Bd3 Kc7 28. Bxh7 f6 29. exf6 Bxf6 30. f4 Kd6 31. Bg8 e5 32. fxe5+ Kxe5 33. Kd3
d4 34. Bh7 Kf4 35. Be4 b6 36. Bf3 Ke5 1/2-1/2

[Event "Kort Paaske 1-2"]
[Site "Svendborg"]
[Date "2019.04.14"]
[Round "3"]
[White "Rasmussen, Henrik Egede"]
[Black "Nielsen Refs, Karl Emil Elmer"]
[Result "1-0"]
[WhiteElo "1825"]
[BlackElo "1541"]
[PlyCount "37"]
[EventDate "2019.04.13"]
[EventRounds "5"]
[EventCountry "DEN"]

1. e4 c5 2. Nc3 d6 3. Bb5+ Bd7 4. Bxd7+ Qxd7 5. f4 Nf6 6. d3 g6 7. Nf3 Bg7 8.
O-O O-O 9. Qe1 Nc6 10. a3 e5 11. h3 Nh5 12. f5 Nf4 13. Bxf4 exf4 14. Qh4 Nd4
15. f6 Bh8 16. Nd5 Rfe8 17. Qh6 Nxc2 18. Ng5 Qxh3 19. gxh3 1-0

[Event "Kort Paaske 1-2"]
[Site "Svendborg"]
[Date "2019.04.14"]
[Round "3"]
[White "Holm, Henrik"]
[Black "Falkesgaard, Jeppe Hald"]
[Result "0-1"]
[WhiteElo "1829"]
[BlackElo "1834"]
[PlyCount "70"]
[EventDate "2019.04.13"]
[EventRounds "5"]
[EventCountry "DEN"]

1. d4 Nf6 2. c4 g6 3. Nc3 Bg7 4. e4 d6 5. Nf3 O-O 6. h3 e5 7. d5 Na6 8. Be2 Nc5
9. Nd2 a5 10. O-O Ne8 11. Nb3 Nxb3 12. Qxb3 f5 13. exf5 gxf5 14. f4 Kh8 15. Qd1
Rg8 16. Qe1 Bf6 17. Be3 Qe7 18. Kh1 Qg7 19. Rg1 exf4 20. Bf2 Be5 21. Bf3 Nf6
22. Rf1 Nh5 23. Rg1 Ng3+ 24. Kh2 Qh6 25. Qd2 Ne4 26. Qc2 Nf6 27. Kh1 Ng4 28.
Qe2 Bd7 29. Rac1 Nxf2+ 30. Qxf2 Rg3 31. Kh2 Rag8 32. Ne2 Be8 33. Qa7 Bh5 34.
Nxg3 fxg3+ 35. Kh1 Bxf3 0-1

[Event "Kort Paaske 1-2"]
[Site "Svendborg"]
[Date "2019.04.14"]
[Round "3"]
[White "Norgaard, Poul"]
[Black "Velarde, Andrew"]
[Result "1/2-1/2"]
[WhiteElo "1740"]
[BlackElo "1713"]
[PlyCount "48"]
[EventDate "2019.04.13"]
[EventRounds "5"]
[EventCountry "DEN"]

1. e4 d5 2. exd5 Nf6 3. Nc3 Nxd5 4. Bc4 c6 5. Qf3 e6 6. d4 Nb6 7. Qd3 Nxc4 8.
Qxc4 Bd6 9. Nf3 Nd7 10. Ne4 Nb6 11. Nxd6+ Qxd6 12. Qd3 Nd5 13. c3 Bd7 14. O-O
Nf4 15. Qe4 Ng6 16. Re1 O-O 17. h4 Qd5 18. Qg4 e5 19. Qg3 e4 20. Ne5 Nxe5 21.
dxe5 Rfe8 22. Bh6 Qxe5 23. Bf4 Qf5 24. Rad1 Qg4 1/2-1/2

[Event "Kort Paaske 1-2"]
[Site "Svendborg"]
[Date "2019.04.14"]
[Round "3"]
[White "Nielsen, Jorgen Holmstrom"]
[Black "Hansen, Jorgen Frank"]
[Result "1-0"]
[WhiteElo "1722"]
[BlackElo "1757"]
[PlyCount "65"]
[EventDate "2019.04.13"]
[EventRounds "5"]
[EventCountry "DEN"]

1. Nc3 g6 2. d4 d5 3. f3 Bg7 4. Bg5 c6 5. Qd2 f6 6. Bh4 Bh6 7. e3 Qa5 8. a3 b5
9. b4 Qd8 10. a4 bxa4 11. Nxa4 Nd7 12. f4 g5 13. fxg5 fxg5 14. Bg3 Ngf6 15. Bd3
a5 16. Nf3 axb4 17. O-O Ba6 18. Qxb4 Bxd3 19. cxd3 O-O 20. Ne5 Nxe5 21. Bxe5
Nd7 22. Bg3 Rxf1+ 23. Rxf1 Nc5 24. Qxc5 Qd7 25. Qb6 Rf8 26. Qxc6 Qf5 27. Qc2 g4
28. Qe2 Rc8 29. Be5 Rc3 30. Bg7 Kxg7 31. e4 dxe4 32. dxe4 e6 33. Qb2 1-0

[Event "Kort Paaske 1-2"]
[Site "Svendborg"]
[Date "2019.04.14"]
[Round "3"]
[White "Hoyerup, Silas"]
[Black "Hansen, Anders"]
[Result "0-1"]
[WhiteElo "1750"]
[BlackElo "1567"]
[PlyCount "48"]
[EventDate "2019.04.13"]
[EventRounds "5"]
[EventCountry "DEN"]

1. d4 Nf6 2. e3 e6 3. Bd3 c5 4. c3 cxd4 5. cxd4 Nc6 6. f4 Qa5+ 7. Bd2 Nb4 8.
Bc3 Nxd3+ 9. Qxd3 Qd5 10. Nf3 a5 11. Nbd2 b6 12. O-O Ba6 13. Qb1 Bxf1 14. Qxf1
b5 15. b3 b4 16. Bb2 Qb7 17. Rc1 d5 18. Ne5 Bd6 19. h3 O-O 20. Kh2 Rac8 21. Rb1
Rc2 22. Qd3 Rfc8 23. Ndc4 Rxg2+ 24. Kxg2 dxc4+ 0-1

[Event "Kort Paaske 1-2"]
[Site "Svendborg"]
[Date "2019.04.14"]
[Round "3"]
[White "Vedso, Michael"]
[Black "Thorup, Bo Beier"]
[Result "0-1"]
[WhiteElo "1689"]
[BlackElo "1688"]
[PlyCount "78"]
[EventDate "2019.04.13"]
[EventRounds "5"]
[EventCountry "DEN"]

1. e4 c5 2. Nc3 Nc6 3. f4 g6 4. Nf3 Bg7 5. Bc4 e6 6. O-O Nge7 7. e5 d6 8. exd6
Qxd6 9. d3 Nd4 10. Ne4 Qc7 11. c3 Nxf3+ 12. Qxf3 Bd7 13. Be3 Bc6 14. Qh3 b6 15.
Ng5 Bd7 16. Rae1 h6 17. Ne4 Nf5 18. g4 Nxe3 19. Qxe3 O-O 20. h4 Rae8 21. Qf3 b5
22. Bb3 c4 23. Bc2 Bc6 24. Qh3 cxd3 25. Bxd3 Rd8 26. Bc2 b4 27. Bb3 bxc3 28.
Nxc3 Qb6+ 29. Kh2 Rd2+ 30. Ne2 Bb5 31. Qf3 Rfd8 32. Rf2 R8d3 33. Qg2 Bc6 34.
Qf1 Rxb2 35. Kg1 Rdd2 36. Bc4 Bd4 37. Nxd4 Rxf2 38. Nxc6 Rxf1+ 39. Kxf1 Qf2#
0-1

[Event "Kort Paaske 1-2"]
[Site "Svendborg"]
[Date "2019.04.14"]
[Round "3"]
[White "Ankjaer, Allan"]
[Black "Hansen, Mikkel Strandby"]
[Result "0-1"]
[WhiteElo "1690"]
[BlackElo "1685"]
[PlyCount "78"]
[EventDate "2019.04.13"]
[EventRounds "5"]
[EventCountry "DEN"]

1. e4 e6 2. d4 d5 3. Nc3 Nf6 4. Bg5 Be7 5. e5 Nfd7 6. Bxe7 Qxe7 7. f4 a6 8. Nf3
c5 9. Qd2 Nc6 10. O-O-O b5 11. dxc5 Nxc5 12. Nd4 Nxd4 13. Qxd4 Bd7 14. Kb1 g6
15. h4 h5 16. Be2 Rb8 17. a3 a5 18. g4 b4 19. axb4 axb4 20. Nxd5 exd5 21. Qxd5
Bxg4 22. Bxg4 hxg4 23. Qc6+ Kf8 24. Rd6 Qb7 25. Rxg6 fxg6 26. Qxc5+ Qe7 27. Qf2
Qf7 28. Re1 b3 29. e6 Qf5 30. Re5 Qxc2+ 31. Qxc2 bxc2+ 32. Kxc2 Rb4 33. f5 gxf5
34. Rxf5+ Ke7 35. h5 Kxe6 36. Rg5 Kf6 37. Rg6+ Kf5 38. Kc3 Rxh5 39. Rg8 Rf4 0-1

[Event "Kort Paaske 1-2"]
[Site "Svendborg"]
[Date "2019.04.14"]
[Round "3"]
[White "Aggerbeck Lauritzen, Nikolaj"]
[Black "Iskos, Lukas"]
[Result "1-0"]
[WhiteElo "1434"]
[BlackElo "1628"]
[PlyCount "53"]
[EventDate "2019.04.13"]
[EventRounds "5"]
[EventCountry "DEN"]

1. e4 Nc6 2. Nf3 e5 3. Bc4 Bc5 4. c3 Nf6 5. d4 exd4 6. cxd4 Bb4+ 7. Nc3 O-O 8.
Bg5 d6 9. O-O Bxc3 10. bxc3 h6 11. Bh4 Bg4 12. h3 Bh5 13. Re1 Re8 14. Bb5 g5
15. Bg3 Nxe4 16. Qd3 Nxg3 17. fxg3 a6 18. Ba4 b5 19. Bb3 Qd7 20. g4 Bg6 21.
Qxg6+ Kf8 22. Qxh6+ Kg8 23. Qxg5+ Kf8 24. Qh6+ Kg8 25. Ng5 d5 26. Qh7+ Kf8 27.
Qh8# 1-0

[Event "Kort Paaske 1-2"]
[Site "Svendborg"]
[Date "2019.04.14"]
[Round "3"]
[White "Madsen, Michael Leerberg"]
[Black "Nielsen Refs, Ingrid Elmer"]
[Result "1-0"]
[WhiteElo "1708"]
[BlackElo "1443"]
[PlyCount "73"]
[EventDate "2019.04.13"]
[EventRounds "5"]
[EventCountry "DEN"]

1. e4 c5 2. Nf3 d6 3. d4 cxd4 4. Nxd4 Nc6 5. c4 Nf6 6. Nc3 g6 7. Be2 Bg7 8. Nf3
O-O 9. h3 a6 10. O-O Bd7 11. Be3 Rc8 12. Rc1 Na5 13. b3 Nc6 14. Bd3 e6 15. Qd2
Ne7 16. Bh6 Bc6 17. Bxg7 Kxg7 18. Bb1 d5 19. cxd5 exd5 20. e5 Ne4 21. Qf4 Nxc3
22. Rxc3 Nf5 23. Bxf5 gxf5 24. Qxf5 Bd7 25. Rxc8 Qxc8 26. Qf6+ Kg8 27. Qg5+ Kh8
28. Rc1 Qe8 29. Qf6+ Kg8 30. Nd4 Qd8 31. Qxd8 Rxd8 32. Rc7 Bc8 33. f4 Kh8 34.
Rxf7 Rg8 35. Kf2 Rd8 36. Rc7 b5 37. f5 1-0

[Event "Kort Paaske 1-2"]
[Site "Svendborg"]
[Date "2019.04.15"]
[Round "4"]
[White "Falkesgaard, Jeppe Hald"]
[Black "Hansen, Mikkel Strandby"]
[Result "1/2-1/2"]
[WhiteElo "1834"]
[BlackElo "1685"]
[PlyCount "69"]
[EventDate "2019.04.13"]
[EventRounds "5"]
[EventCountry "DEN"]

1. d4 e6 2. c4 d5 3. Nc3 Nf6 4. Bg5 Be7 5. e3 O-O 6. Nf3 b6 7. cxd5 exd5 8. Bd3
Bb7 9. O-O Nbd7 10. Rc1 h6 11. Bh4 a5 12. Qe2 a4 13. a3 c6 14. Nd2 b5 15. e4
Nxe4 16. Bxe7 Qxe7 17. Ndxe4 dxe4 18. Bxe4 Qg5 19. Qf3 Rac8 20. Bf5 Rfd8 21.
Ne4 Qe7 22. Nc5 Nxc5 23. Bxc8 Nb3 24. Rce1 Nxd4 25. Rxe7 Nxf3+ 26. gxf3 Bxc8
27. Rc7 Be6 28. Rxc6 Rd2 29. Rfc1 Rxb2 30. R1c3 Bh3 31. R6c5 Rb1+ 32. Rc1 Rb3
33. Rh5 Rxf3 34. Rxb5 Rxa3 35. Rb8+ 1/2-1/2